| 000 | 00824cam a22002412 4500 | ||
|---|---|---|---|
| 001 | 0000004740 | ||
| 005 | 20151217151940.0 | ||
| 008 | 070529s xx 000 0 eng d | ||
| 020 |
_a0131458329 : _cGBP 69.99 |
||
| 040 |
_aKABU _cKABU |
||
| 050 | 0 |
_aS938 _b.C45 2005 |
|
| 100 | 1 |
_aChiras, Daniel D. _@0000136888 |
|
| 245 | 1 | 0 |
_aNatural resource conservation : _bmanagement for a sustainable future / _cDaniel D. Chiras, John P. Reganold. |
| 250 | _a9th ed. | ||
| 260 |
_aUpper Saddle River, NJ : _bPrentice Hall, _c2005. |
||
| 300 | _axii, 644 p. | ||
| 650 | 0 |
_aConservation of natural resources. _@0000003674 |
|
| 700 | 1 |
_aReganold, John P. _@0000155496 |
|
| 852 | 1 | _9p2962.50 KES | |
| 908 | _a070529 | ||
| 950 | _@1 | ||
| 999 |
_c6628 _d6628 |
||